000 01141na a2200325 4500
001 20757
003 MIRAKIL
005 20181213155227.0
008 170126b tu 000 0
035 _a20757
040 _aMilas
_btur
_cTR-AnCHP
041 _atur
082 _aCHP 368.4
_bC36ç 2014
090 _aBROŞÜR 196
110 _aCumhuriyet Halk Partisi (CHP)
_bEmek Büroları
245 _aÇalışma yaşamı ile ilgili çalışmalarımız
_cCHP Emek Büroları
260 _aAnkara
_b[CHP]
_c2014
_f[CHP Sendikalı işçiler]
300 _a44 s.
_brnkl. fotg.
_c27 sm.
440 _aCumhuriyet Halk Partisi yayınları
_pRaporlar
610 _aCHP
_xSosyal güvenlik
_yİktidar eleştirisi
610 _aAKP
_xSosyal güvenlik politikaları
_yEleştiriler
610 _aCHP
_xSosyal güvenlik sorunu
_yÇözüm önerileri
610 _aCHP
_xToplumsal sorunlar
_yÇözüm önerileri
610 _aCHP
_xSoru önergeleri
_ySosyal güvenlik
650 _aSendikal örgütlenme
_xSendikal haklar
651 _aTürkiye
_xSiyaset ve yönetim
_y2002-
830 _aCHP raporları
942 _2ddc
_cBKS
999 _c8885
_d8885